| 000 | 00618nam a2200229Ia 4500 | ||
|---|---|---|---|
| 003 | OSt | ||
| 005 | 20221005124756.0 | ||
| 006 | a|||||r|||| 00| 0 | ||
| 007 | ta | ||
| 008 | 221004b |||||||| |||| 00| 0 eng d | ||
| 024 | _a32166 | ||
| 037 | _cTextual | ||
| 040 |
_aCRL _cCRL _beng |
||
| 041 |
_2eng _aeng |
||
| 082 | _a90245, K1 close section | ||
| 100 |
_aHagen Toni,etc. _9635767 |
||
| 245 | 0 |
_aNepal _bThe kingdom in the himalayas. |
|
| 260 | _c1961 | ||
| 650 | _aNEPAL - HISTORY | ||
| 942 |
_h90245, K1 close section _cTEXL _2cc |
||
| 999 |
_c1051568 _d1051568 |
||